[Event "Plancoet op-A 10th"]
[Site "Plancoet"]
[Date "2013.08.01"]
[Round "7"]
[White "Guliyev, Namig"]
[Black "Manea, Alexandru"]
[Result "1/2-1/2"]
[WhiteElo "2569"]
[BlackElo "2389"]
[Annotator "RR"]
[PlyCount "95"]
[EventDate "2013.07.28"]
[EventType "swiss"]
[EventRounds "9"]
[EventCountry "FRA"]
[SourceTitle "EXT 2017"]
[Source "ChessBase"]
[SourceDate "2016.10.25"]
[SourceVersion "1"]
[SourceVersionDate "2016.10.25"]
[SourceQuality "1"]
[TimeControl "40/5400+30:1800+30"]

1. e4 c5 2. Nf3 e6 3. d4 cxd4 4. Nxd4 Nc6 5. Nc3 Qc7 6. f4 {Une variante
agressive} Nxd4 (6... a6 7. Be3 b5 8. Bd3 b4 9. Na4 Bb7 10. Qe2 Nf6 11. Nb3 d6
12. O-O-O Be7 13. Kb1 Nd7 14. Qf2 O-O 15. g4 a5 16. g5 Ba6 17. Nc1 Bxd3 18.
Nxd3 f5 19. Qg2 Rac8 20. exf5 Rxf5 21. Rhe1 Nd8 22. b3 Qc6 23. Qe2 Nf7 24. h4
e5 25. Bc1 Bf8 26. Bb2 exf4 27. Qe6 g6 28. c3 f3 29. Rc1 Qd5 30. Qe3 Nfe5 31.
Nf2 h5 32. gxh6 Kh7 33. Rcd1 Qc6 34. c4 Bxh6 35. Qd4 Bg7 36. Ne4 {Shomoev,A 
(2543)-Morozevich,A (2758) Loo 2013 1/2-1/2}) 7. Qxd4 b6 8. Bd2 Bb7 9. O-O-O
$146 (9. Nb5 Qb8 10. Bd3 a6 11. Nc3 Qc7 12. Qf2 b5 13. e5 f5 14. O-O-O Bc5 15.
Be3 Rc8 16. Bxc5 Qxc5 17. Qg3 Ne7 18. Qxg7 Rg8 19. Qxh7 Qe3+ 20. Kb1 Qxf4 21.
Be2 Qxe5 22. Qh5+ Rg6 23. Bf3 Bxf3 24. gxf3 Kd8 25. Rhe1 Qf4 26. Qh8+ Kc7 27.
Qh7 Qg5 28. Qh3 b4 29. f4 Qxf4 30. Ne2 Qc4 31. Qe3 Nd5 32. Qa7+ Kd8 33. Nd4 Rg4
34. h3 Re4 35. Rxe4 fxe4 36. Rg1 Ke7 37. b3 Qc3 {0-1 (37) Justesen,A (2209)
-Van Damme,L (2265) ICCF email 2009}) 9... Nf6 10. e5 Nd5 11. Nxd5 Bxd5 12. Kb1
Qc6 (12... Rc8 $132) 13. Be3 Rc8 14. Qd2 Bb4 $132 15. Qf2 Qa4 16. b3 Qa5 17. c4
Bc6 18. Bd3 g6 19. Rhg1 {Empêche le oo des Noirs qui serait trop risqué} Bc5
20. g4 Bxe3 21. Qxe3 Qc5 22. Qe2 h5 (22... a6 $5 {[%cal Gb6b5]}) 23. gxh5 gxh5
24. Rg5 h4 25. Rg7 a5 26. f5 a4 27. fxe6 dxe6 $2 28. Rf1 $2 (28. Rxf7 $3 Kxf7
29. Qf1+ Ke7 (29... Kg8 30. Qf6 {[%cal Gd1f1]} Rc7 31. Qxe6+ Rf7 32. Bg6 Qf2
33. Bxf7+ Qxf7 34. Rg1+) 30. Qf6+ Kd7 31. Qf7+ Qe7 32. Bf5+) 28... Rc7 29. Rf6
Re7 30. Be4 Rf8 31. Rg4 axb3 32. axb3 Ra7 33. Bxc6+ Qxc6 34. Rxh4 $4 {Après
avoir raté le gain, le GMI risque maintenant de perdre!} Qa8 35. Qb2 Qh1+ 36.
Kc2 Rg8 $4 (36... Rd7 {[%csl Rc2] Une précaution importante pour couper le R
Blanc} 37. Kc3 Qe1+) 37. Rf2 Qe1 38. Rhf4 $2 (38. Kd3 $8 Rd7+ 39. Rd4 $13)
38... Rg4 $1 39. Qb1 Qe3 40. R4f3 Qxe5 $2 (40... Qe4+ 41. Kb2 Qd4+ 42. Kc2 Rg1
$1 43. Qxg1 Ra2+ 44. Kb1 Qa1#) 41. Qb2 Qe4+ 42. Rd3 Rd7 43. Qh8+ Ke7 44. Qf6+
Ke8 45. Qh8+ Ke7 46. Qf6+ Ke8 47. Qh8+ Ke7 48. Qf6+ 1/2-1/2

[Event "Cappelle op 31st"]
[Site "Cappelle la Grande"]
[Date "2015.03.02"]
[Round "4"]
[White "Nevednichy, Vladislav"]
[Black "Landa, Konstantin"]
[Result "1/2-1/2"]
[WhiteElo "2557"]
[BlackElo "2650"]
[Annotator "RR"]
[PlyCount "68"]
[EventDate "2015.02.28"]
[EventType "swiss"]
[EventRounds "9"]
[EventCountry "FRA"]
[SourceTitle "EXT 2016"]
[Source "ChessBase"]
[SourceDate "2015.10.08"]
[SourceVersion "1"]
[SourceVersionDate "2015.10.08"]
[SourceQuality "1"]

1. e4 c5 2. Nf3 e6 3. d4 cxd4 4. Nxd4 Nc6 5. Nc3 Qc7 6. Be3 Nf6 7. Ndb5 Qb8 8.
Be2 (8. f4 d6 9. Qf3) 8... Be7 9. O-O O-O 10. f4 d6 11. a4 Rd8 (11... b6 12.
Qe1 Bb7 13. Qg3 Kh8 14. Rad1 a6 15. Nd4 Nb4 16. Bf3 Qc7 17. Rd2 Rad8 18. Kh1
Nd7 19. f5 Nc5 20. Nde2 Bf6 21. Nf4 Qe7 22. Nh5 Be5 23. f6 Bxf6 24. Nxf6 gxf6
25. Qh4 Nc6 26. e5 Nxe5 27. Bxb7 Nxb7 28. Bxb6 Rc8 29. Bd4 Rg8 30. Bxe5 dxe5
31. Ne4 Rg7 32. Nxf6 Nd6 33. Qe1 Qb7 34. Qe2 Ne8 35. Nh5 Rg5 36. h4 Rg6 37.
Qxe5+ Kg8 38. Nf4 Rg4 39. Kg1 Ng7 40. Rff2 h6 41. Qf6 {Kravtsiv,M (2565)-Dubov,
D (2632) Jerusalem 2015 1/2-1/2 (66)}) 12. Qe1 (12. Bf3 Bd7) 12... a6 13. Nd4
e5 $146 (13... Nxd4 14. Bxd4 e5 15. Bb6 Rd7 16. fxe5 dxe5 17. Rd1 Rxd1 18. Qxd1
Be6 19. Nd5 Nxd5 20. exd5 Qd6 21. dxe6 Qxb6+ 22. Kh1 Qxe6 23. Bg4 Qc4 24. b3
Qc7 25. Qd7 Qxd7 26. Bxd7 Rd8 27. Bf5 g6 28. Be4 Rd7 29. g4 Kg7 30. Kg2 b6 31.
Kf3 a5 32. Ke2 Rd4 33. Kf3 Bc5 34. Re1 f5 35. gxf5 gxf5 36. Bb7 Rf4+ 37. Kg2
Rf2+ 38. Kh3 Kf6 39. Bd5 e4 40. Bc4 Rxc2 41. Re2 Rxe2 42. Bxe2 f4 43. Kg4 {
Stepanovic,B-Djubek,B (2265) Slovakia 1995 0-1}) 14. Nxc6 bxc6 15. fxe5 dxe5
16. Bc4 Qxb2 17. Rb1 $44 Qa3 18. Rb3 Qd6 19. Bb6 Rf8 20. a5 Be6 21. Qe2 Bxc4
22. Qxc4 Qe6 23. Qxe6 fxe6 24. Rd1 c5 25. g3 Rac8 26. h3 h5 27. Rf1 c4 28. Rbb1
Bc5+ 29. Kg2 Rc6 30. Na4 $1 Be7 31. Rfe1 Nd7 (31... c3 $1 {[%csl Ra4][%cal
Gc6c4]}) 32. Red1 Nf6 33. Re1 Nd7 34. Red1 Nf6 1/2-1/2

[Event "Rohde op 06th"]
[Site "Sautron"]
[Date "2006.11.01"]
[Round "6"]
[White "Bitensky, Igor"]
[Black "Wirig, Anthony"]
[Result "1-0"]
[WhiteElo "2366"]
[BlackElo "2439"]
[Annotator "RR"]
[PlyCount "91"]
[EventDate "2006.10.28"]
[EventType "swiss"]
[EventRounds "9"]
[EventCountry "FRA"]
[SourceTitle "EXT 2007"]
[Source "ChessBase"]
[SourceDate "2006.11.23"]
[SourceVersion "1"]
[SourceVersionDate "2006.11.23"]
[SourceQuality "1"]

1. e4 c5 2. Nf3 e6 3. Nc3 a6 4. d4 cxd4 5. Nxd4 Qc7 6. g3 Nc6 {retombe sur une
Taimanov} (6... Bb4 $1 {[%cal Gb4c3]} 7. Nde2 Be7 $1 $11 (7... Nf6)) 7. Bg2 d6
8. O-O Bd7 9. a4 Nf6 10. Kh1 ({RR} 10. Nde2 Rb8 11. h3 b5 12. axb5 axb5 13. Nd4
Nxd4 14. Qxd4 e5 15. Qa7 Qc8 16. Bg5 b4 17. Na2 d5 18. Bxf6 Bc5 19. Qxc5 Qxc5
20. Bxg7 Rg8 21. Bxe5 Rc8 22. exd5 f6 23. Bf4 Kf7 24. c3 b3 {De Firmian,N 
(2580)-Zvjaginsev,V (2545)/Reykjavik 1994/CBM 039 ext/1-0 (39)}) 10... Be7 11.
f4 O-O 12. h3 $146 ({RR} 12. Nb3 {RR} b6 13. Be3 Na5 14. e5 dxe5 15. fxe5 Nd5
16. Nxd5 exd5 17. Nxa5 bxa5 18. Qxd5 Rac8 19. Bb6 Qxb6 20. Qxd7 Rc7 21. Qf5 g6
22. Qd3 Qxb2 23. c4 Qxe5 24. Rae1 Qg5 25. Bd5 Bb4 26. Re2 Re7 27. Rxe7 {
Bielinski,D (2232)-Beshukov,S (2506)/Polanica Zdroj 1999/EXT 2000/1/2-1/2 (42)}
) 12... Nxd4 13. Qxd4 Bc6 14. a5 d5 {Donne l'intiative aux blancs sur
l'aile-roi} 15. e5 Nd7 16. Bd2 Bc5 17. Qd3 b6 (17... g5 18. Qe2 {[%cal Gd7e5]})
18. axb6 Qxb6 (18... Bxb6 19. Be3) 19. b3 Bb4 $6 20. Na4 $1 Bxa4 21. Bxb4 Qxb4
22. Rxa4 $14 {[%csl Ra6]} Qb6 23. Ra3 {[%cal Gf1a1]} Ra7 24. Qd2 Rc8 25. Ra2
Rac7 26. Rfa1 a5 27. Bf1 g6 28. Bd3 Nc5 29. Qxa5 Qxa5 30. Rxa5 Nxd3 31. cxd3
Rc3 $132 32. Ra8 Rxa8 33. Rxa8+ Kg7 34. b4 Rxd3 35. Kg2 Rb3 36. Rb8 {La finale
est théoriquement meilleure pour les noirs а cause de la position des R} g5 $5
(36... h6 $142 $1 {donne une case importante pour le K pour jouer des coups
d'attente et obtenir la nulle théorique} 37. h4 (37. b5 g5) 37... g5 38. h5
gxf4 $1 39. gxf4 {[%csl Rg2] le K blanc est coupé} Kh7 {avec une nulle
théorique} 40. b5 Kg7 41. b6 Kh7 42. b7 Kg7 43. Kf2 Kh7 44. Ke2 Kg7 45. Kd2 Kh7
46. Kc2 Rb6 47. Kc3 Kg7 48. Kd4 Rb5 {et les blancs ne peuvent plus progresser})
37. fxg5 Re3 38. b5 Rxe5 39. b6 Re3 $2 (39... Re2+ $1 40. Kf3 Rb2 41. b7 e5 42.
Kg4 Rb3) 40. b7 Rb3 41. h4 d4 42. g4 h6 43. gxh6+ Kh7 44. g5 d3 45. Kf2 d2 46.
Ke2 {[%mdl 4096]} 1-0

[Event "FIDE-Wch k.o."]
[Site "Moscow"]
[Date "2002.01.18"]
[Round "7.3"]
[White "Ponomariov, Ruslan"]
[Black "Ivanchuk, Vassily"]
[Result "1/2-1/2"]
[WhiteElo "2727"]
[BlackElo "2717"]
[Annotator "Reeh,O"]
[PlyCount "93"]
[EventDate "2001.11.27"]
[EventType "k.o."]
[EventRounds "7"]
[EventCountry "RUS"]
[SourceTitle "CBM 086"]
[Source "ChessBase"]
[SourceDate "2002.02.05"]
[SourceVersion "1"]
[SourceVersionDate "2002.02.05"]
[SourceQuality "1"]

1. e4 c5 {In der ersten Partie spielte Ivanchuk 1...e6. Diesmal also
Sizilianisch} 2. Nf3 e6 3. d4 cxd4 4. Nxd4 Nc6 {Die Tajmanov-Variante.} 5. Nc3
Qc7 (5... a6) 6. g3 ({Mit der gewaehlten Variante wollte Ivanchuk seinen
Gegner wahrscheinlich zu dessen eigener Erfindung einladen:} 6. Ndb5 Qb8 7. Be3
a6 8. Bb6 axb5 9. Nxb5 {usw. 1-0 Ponomariov,R-Ivanisevic,I/Batumi 1999/CBM 74 
(46). Wahrscheinlich hatte Ivanchuk etwas vorbereitet. Aber Ponomariov , mit
der Fuehrung im Ruecken, weicht aus und spielt eine ruhige, positionelle
Variante.}) 6... a6 7. Bg2 d6 8. O-O Bd7 {In diesem Abspiel entwickelt Schwarz
erst den Damenfluegel und laesst den Springer noch auf g8. Sieht etwas
ungewohnt aus, ist aber absolut spielbar.} 9. Nxc6 Bxc6 10. Re1 Be7 11. Qg4 {
So moechte Weiss ausnutzen, dass der Sg8 noch nicht auf f6 steht. Schwarz muss
jetzt etwas andere Entwicklungswege am Koenigsfluegel suchen.} h5 {Vertreibt
die weisse Dame. Aber Schwarz verzichtet damit auch auf die kurze Rochade, die
mit dem Bauern auf h5 viel zu riskant waere.} 12. Qe2 ({Nicht etwa} 12. Qxg7 $4
Bf6) 12... h4 13. a4 hxg3 14. hxg3 Rc8 (14... Nf6 15. Bf4 (15. Be3 Rc8 16. a5
e5 17. Bb6 Qd7 18. Rad1 Kf8 19. f4 Qg4 20. Qxg4 Nxg4 21. Re2 exf4 22. gxf4 Rh4
23. Rd3 {1/2-1/2 Adams,M-Lautier,J/Tilburg 1998/EXT 99 (23).}) 15... Rc8 16.
Rad1 e5 17. Bg5 Kf8 18. Bf3 g6 {1/2-1/2 Adams,M-Movsesian,S/Sarajevo 2000/CBM
77 (41). (40)}) 15. a5 {Fixiert das Loch auf b6.} (15. Bf4 e5 16. Be3 Nf6 17.
Rad1 Qd7 18. f4 Qg4 19. Qf3 Qg6 20. f5 Qg4 21. Qxg4 Nxg4 22. Bb6 Nf6 23. Bf1 g6
24. fxg6 fxg6 25. b3 Bd8 {1/2-1/2 Zhigalko,A-Jaracz,P/Polanica Zdroj 2001.})
15... Kf8 {Ein haeufige s Motiv in dieser Variante. Der Koenig kann zwar nicht
gut rochieren, will aber auch nicht in der Mitte stehen bleiben.} 16. Be3 Nf6
17. Bb6 (17. Red1 e5 18. Rd2 {1/2-1/2 Svidler,P-Movsesian,S/Polanica Zdroj
2000/CBM 79 (18).}) 17... Qb8 18. Bf3 {Mit der Idee Kg1-g2 und Te1-h1.} Nd7 (
18... e5 {gefolgt von g7-g6 und Kf8-g7 war auch eine Idee.}) 19. Bd4 Bf6 20.
Bxf6 gxf6 {Sieht erstmal seltsam aus - warum nicht Sxf6? Aber nach gxf6 hat
der schwarze Koenig etwas mehr Luft (Feld g7), ausserdem hat Schwarz nun mehr
Kontrolle ueber die Zentrumsfelder.} 21. Bg2 {Weiss will nun den f-Bauern
mobil machen.} Ne5 22. f4 Qa7+ {Ein wichtiger Zwischenzug.} ({Nach} 22... Ng6
23. Qe3 {beherrscht Weiss das Brett.}) 23. Kf1 (23. Qf2 Qxf2+ 24. Kxf2 Ng4+)
23... Ng6 24. Qf2 {Die schwarze Dame steht zu gut auf der Diagonalen und muss
getauscht werden.} Qxf2+ 25. Kxf2 {In diesem Endspiel steht Weiss wegen der
gesuenderen Bauernstruktur etwas besser. Ein Plan waere fuer ihn die
Mobilisierung der Bauernmajoritaet am Damenfluegel mit c2-c4 und b2-b4. Dazu
muesste aber erst einmal der Sc3 ziehen, und dies versteht Ivanchuk in der
Folge clever zu verhindern.} Rh5 26. Rh1 (26. Nd1 f5 {ist jetzt nicht so
ergiebig.}) 26... Rc5 {Interessante Turmueberfuehrung: Schwarz entfaltet Druck
in der c-Linie. Ausserdem wird weiter der weisse Ba5 beaeugt.} 27. Rh7 (27. Bf1
f5 {ist unangehm fuer Weiss}) 27... Ke7 28. Bf1 {Weiss will den Laeufer nach
d3 spielen, um die Schwaeche c2 zu ueberdecken.} Nf8 29. Rh8 Bb5 $1 ({
Interessant, aber vielleicht nicht voellig ausreichend ist das typische
Qualitaetsopfer} 29... Rxc3 30. bxc3 Bxe4 31. Bd3 Bxd3 32. cxd3 Rxc3 33. Rb1)
30. Bd3 ({Nicht} 30. Nxb5 Rxc2+ {, und nach}) (30. Bxb5 axb5 {haette Weiss
grosse Schwierigkeiten in der c-Linie (Schwaeche c2!).}) 30... Bxd3 31. cxd3
Nd7 32. Rxc8 Rxc8 33. d4 Rc4 34. Ra4 {Der schwarze Turm steht zu aktiv und
soll getauscht werden.} Rxa4 35. Nxa4 f5 36. exf5 exf5 {Nun hat Schwarz zwar
die isolierten Doppelbauern auf f7/ f5, aber auch die weisse Bauern neigen zur
Schwaeche. Ein Remisausgang wird immer wahrscheinlicher.} 37. Nc3 Nf6 38. d5 {
Bei allen Abwicklungen ins Bauern-Endspiel muss man beachten, dass Weiss mit
dem b-Bauern zwei Wartezuege zur Verfuegung hat.} Nd7 (38... Ne4+ $2 39. Nxe4
fxe4 40. g4 f5 41. gxf5 (41. g5 $4 {ist remis}) 41... Kf6 42. Ke3 Kxf5 43. b3 {
und da hat Schwarz den Salat: Zugzwang.}) 39. b4 Nf6 {Durch das
Springermanoever hat Schwarz die Wartezuege mit dem b-Bauern aus der Partie
genommen.} 40. Ke3 Kd7 41. Kd4 {Der Koenig deckt den Bauern d5 und macht den
Sc3 beweglich. Idee: Sc3-d1-e3 mit Angriff auf f5.} Nh5 42. Ne2 Nf6 43. Kc4 Ne4
44. b5 axb5+ 45. Kxb5 Kc7 46. Kc4 Kb8 47. Kb4 {remis} 1/2-1/2

[Event "Hoogovens-B"]
[Site "Wijk aan Zee"]
[Date "1998.01.27"]
[Round "7"]
[White "Van der Wiel, John"]
[Black "Kobalia, Mihail"]
[Result "1/2-1/2"]
[WhiteElo "2525"]
[BlackElo "2500"]
[Annotator "Ribli,Z"]
[PlyCount "90"]
[EventDate "1998.01.20"]
[EventType "tourn"]
[EventRounds "11"]
[EventCountry "NED"]
[EventCategory "10"]
[SourceTitle "CBM 063"]
[Source "ChessBase"]
[SourceDate "1998.03.26"]
[SourceVersion "1"]
[SourceVersionDate "1998.03.26"]
[SourceQuality "1"]

1. e4 c5 2. Nf3 e6 3. d4 cxd4 4. Nxd4 Nc6 5. Nc3 Qc7 6. Be2 a6 7. O-O Nf6 8.
Kh1 Nxd4 (8... b5) (8... Bb4) (8... d6) 9. Qxd4 Bc5 10. Qd3 b5 (10... h5 11.
Bg5 $5 {Kasparov,G-Kengis,E/Riga Tal/1995/CBM47/}) 11. f4 (11. Bg5 b4 12. Na4
Be7 13. f4 Bb7 14. e5 Nd5 15. Bxe7 Kxe7 $6 16. c4 $1 $14 {Ricardi,P-Sadler,M/
Buenos Aires/1995/CBM49/}) 11... Bb7 (11... h5 12. e5 Ng4 13. Bf3 Bb7 {Das
führt zur Partiefortsetzung.}) 12. Bf3 (12. e5 Nd5 13. Ne4 Nb4 $15 (13... Be7))
12... h5 (12... b4 $6 13. e5 bxc3 14. exf6 $14) 13. e5 Ng4 14. Bxb7 (14. Ne4
Rb8 15. Nxc5 Qxc5 16. Qe2 Qc4 $13) 14... Qxb7 15. Ne4 {Weiß hat positionellen
Druck. Besonders der Punkt d6 ist schwach. Anderseits kontrolliert Schwarz die
wichtigen weißen Felder und im Endspiel wird sein Springer besser als der
weiße Läufer.} (15. a4 b4 16. Ne4 Qc6 17. Bd2 Rc8 18. c3 bxc3 19. Bxc3 O-O 20.
Rf3 Be7 21. a5 Rfd8 22. Rd1 Qa4 23. f5 Rxc3 24. Nxc3 Qxa5 {1/2-1/2 Chandler,
M-Teske,H/BL9192 1992}) 15... Be7 (15... Rc8 16. c3 Be7 17. Be3 h4 18. Bd4 h3
19. g3 Nh6 20. Qf3 Qc6 21. Rae1 Nf5 22. Bf2 d5 {1/2-1/2 Felsberger,A-Titz,H/
AUT-chT 1993 (62)}) 16. b3 (16. Bd2 $5 Qc6 (16... Rc8 17. a3 {[%cal Gd2b4]})
17. Rae1 h4 18. Qf3 Nh6 19. Ba5 Nf5 20. c3 Rc8 21. a3 Bc5 22. Qh3 Rh6 23. Bb4 {
1/2-1/2 Khalifman,A-Ruzele,D/Mikenas mem op 1997}) (16. h3 Nh6 17. Be3 Nf5 18.
Bf2 h4 19. c3 O-O 20. Rad1 Rfc8 21. Qf3 Rab8 {1/2-1/2 Anand,V-Ivanchuk,V/
Buenos Aires Sicilian 1994 (26)}) (16. Be3 Rc8 17. Bg1 (17. Bd4 Nh6 18. c3 Nf5
$13 {Nunn-Zichichi,1983/84Reggio Emilia/Inf38,(234)/}) 17... Nh6 18. c3 Nf5 $13
19. Rfe1 h4 20. h3 O-O 21. Rad1 Rfd8 $15 {0-1 McDonald,N-Emms,J/Drury Lane
1997 (47)}) (16. f5 $6 Nxe5 17. Nd6+ Bxd6 18. Qxd6 Nc4 19. Qd3 (19. Qg3 $2 h4
20. Qxg7 O-O-O $17 {[%csl Rg7,Rh1][%cal Rh4h3]}) 19... h4 $5 (19... f6 20. Qg3
$13) 20. h3 f6 21. b3 Ne5 22. Qe2 Rc8 (22... exf5 23. Rxf5) 23. Bb2 Rc5 24.
Rae1 Qc6 $17) 16... Rc8 (16... Nh6 17. Bb2 Nf5 18. Qf3 $5 (18. Rae1 $5 Rc8 19.
Re2 h4 20. Qf3 Qc6 21. Rd1 {1/2-1/2 Dolmatov,S-Tunik,G/RUS-ch Elista 1995 (29)}
) 18... Qc6 $2 (18... Qa7 $5 19. Rac1 Rc8 20. c4 bxc4 21. bxc4 $5 g6 22. c5 $14
) 19. Rac1 Rd8 20. c4 bxc4 21. Rxc4 $14 {1-0 Dolmatov,S-Beshukov,S/Russia (ch)
1996 (41)}) 17. Bb2 Nh6 18. Qf3 (18. Rad1 Nf5 19. Rf2 h4 20. Rfd2 Rc7 21. c4
bxc4 22. bxc4 O-O 23. Qf3 Rb8 24. Rc2 Qc6 25. Rd3 Rb4 {Petrov,A-Poluljahov,A/
RUS-Cup1 Chigorin-mem 1996/1/2-1/2 (76)}) (18. Rac1 $6 Nf5 19. Rfd1 h4 20. c4
$2 (20. Qf3) 20... bxc4 21. bxc4 h3 {0-1 Felsberger,A-Grabliauskas,V/EU-chTM
1997 (33)}) 18... Qb8 (18... Qc6 19. Rac1 O-O 20. Rfe1 h4 21. g4 hxg3 22. hxg3
Rc7 23. c4 {1-0 Tischbierek,R-Michaelsen,N/BL 1996 (40)}) (18... Rxc2 $4 19.
Nd6+ $18) (18... Qb6 $5) 19. Rf2 (19. Qxh5 Rxc2 $11 {[%csl Gc2]}) 19... Nf5 20.
Rd1 h4 21. Rfd2 $146 {Es ist logisch, daß Weiß in der d-Linie verdoppelt. Der
schwarze d7-Bauer ist eine Schwäche, aber Schwarz kann sie leicht verteidigen.
Der weiße Läufer auf b2 hat keine große Zukunft, während der f5-Springer das
Brett dominiert. Nach meiner Meinung ist die Stellung dynamisch im
Gleichgewicht.} (21. Rd3 Rc7 22. Rfd2 b4 $5 $11 (22... Qb7 23. c4 bxc4 24. bxc4
O-O $13) (22... Bb4 23. c3 Be7 $5) 23. Kg1 Qa7+ 24. Qf2 Qb7 25. Qf3 a5 {
1/2-1/2 Lutz,C-Grabliauskas,V/EU-chTM 1997 (46)} (25... Qa7+)) 21... Rc7 22.
Bd4 Qb7 (22... Nxd4 {Es ist strategisch nicht logisch diesen starken Springer
gegen den "schlechten" Läufer zu tauschen.} 23. Rxd4 Rxc2 24. Rxd7 $36) (22...
O-O 23. Bf2 $14 (23. g4 $6 hxg3 24. hxg3 Nxd4 25. Rxd4 Rxc2 26. Rxd7 Rc7 $11))
23. c3 a5 $13 (23... O-O 24. b4 {[%csl Rc5][%cal Gd4c5]}) 24. Rd3 Qc6 $6 (24...
O-O $5) 25. Bf2 $14 Qb7 26. Kg1 f6 27. Re1 $6 (27. exf6 gxf6 {Schwarz möchte
28...d7-d5 mit unklarer Stellung ziehen.} 28. c4 $5 bxc4 29. bxc4 {[%csl Re8]
[%cal Rd3b3,Rb3b8]} Qc6 30. Rxd7 $40 Rxd7 $2 31. Nxf6+ Bxf6 32. Qxc6 $18) 27...
O-O 28. Qh5 (28. g4 $6 hxg3 29. hxg3 fxe5 30. fxe5 {[%cal Gf8f3]}) (28. exf6
Bxf6 29. Nxf6+ Rxf6 30. Qxb7 Rxb7 31. g4 hxg3 32. hxg3 $11) 28... fxe5 29. fxe5
Qb8 {[%cal Gb8e5]} 30. Qg6 Rf7 (30... Qe8 $2 31. Qxe8 Rxe8 32. Red1 {[%csl Rd7]
} Rd8 33. Bb6 $18 {[%cal Rb6d8,Rb6a5]}) 31. g4 {Es ist verständlich, daß Weiß
gegen den starken Springer spielt, aber er schwächt seine Königsstellung.} hxg3
32. hxg3 Rb7 33. g4 $6 (33. Nc5 Bxc5 34. Bxc5 Qc7 35. Bf2 $14) 33... Nh4 $132
34. Bxh4 Bxh4 35. Nd6 $6 (35. Re2 Qf8 (35... Qxe5 $2 36. Qxf7+ Kxf7 37. Nd6+
$16) (35... Qa7+ 36. Kg2 {[%csl Rg8][%cal Gd3h3,Gh3h8]}) 36. Rd1 Rc7) 35... Rf8
36. Rf1 (36. Re2 Rc7 $5 (36... Qa7+ 37. Rd4 $16 b4 38. Nxb7 bxc3 39. Qe4 $18 (
39. Qd3 Rf4 40. Ree4 Rxe4 41. Qxe4 c2 $17 {[%cal Ra7g1]})) 37. Rh3 Qb6+ $17 {
[%csl Rg1]}) 36... Rxf1+ (36... Qa7+ $2 37. Rd4 $16 {[%csl Ra7]}) 37. Kxf1 Qf8+
{[%csl Rf1] Es ist interessant, wie schnell die Dame den Flügel wechseln kann.}
38. Kg2 Qf2+ 39. Kh3 Be7 $1 $11 {Sehr präzis berechnet! Schwarz opfert seinen
Turm und erlangt ewiges Schach.} 40. Nxb7 (40. Qe8+ Kh7 41. Qh5+ Kg8 42. Nxb7
Qf1+ {[%cal Rf1h3,Rf1d3]}) 40... Qf1+ 41. Kg3 {Unglaublich! Weiß hat einen
ganzen Turm mehr, aber kann sich dem Dauerschach nicht entziehen.} (41. Kh2
Qf2+ 42. Kh1 Qf1+ $11) 41... Qg1+ 42. Kf4 (42. Kf3 Qf1+ 43. Ke3 Qe1+ 44. Kd4
Qg1+ $11) 42... Qf1+ 43. Ke4 (43. Rf3 Qc1+ 44. Ke4 (44. Kg3 Qg1+ $11) 44...
Qb1+ 45. Rd3 Qe1+ $11 (45... Qh1+ $11)) 43... Qe1+ (43... Qh1+ 44. Ke3 (44. Kf4
Qf1+ $11) 44... Qe1+ $11) 44. Kd4 Qg1+ 45. Re3 Qd1+ {und Weiß muß ins Remis
einwilligen. Ribli.} (45... Qd1+ 46. Qd3 Qxg4+ 47. Qe4 (47. Re4 Qg1+ 48. Qe3
Qd1+ $11) 47... Qd1+ 48. Rd3 Qg1+ 49. Qe3 Qg4+ $11) 1/2-1/2